000 00274nam a2200121Ia 4500
005 20251222143152.0
008 251222s9999||||xx |||||||||||||| ||spa||
082 _a530/L55/T.II
100 _aLeyva Naveros, Humberto
245 0 _aFĂ­sica
264 _bMoshera
942 _cLIB
999 _c12708
_d12708